000 00848nam a2200241Ia 4500
003 OSt
005 20220923221622.0
006 a|||||r|||| 00| 0
007 ta
008 220922b |||||||| |||| 00| 0 hin d
024 _a198,690
037 _cTextual
040 _aARTS
_cARTS
_bhin
041 _2hin
_ahin
082 _aP152,3k, 152L9-;1
100 _aवार्ष्णेय, लक्ष्मी सागर, संपा.
_9165506
245 0 _aहिन्दी सन्दर्भ कोश
246 _aHindī sandarbha kosha
260 _aमेरठ
_b भारती साहित्य प्रका0
_c1979
300 _a232पृ.
_ccm.
942 _hP152,3k, 152L9-;1
_cTEXL
_2CC
999 _c350499
_d350499